000 00338nam a2200145 i 4500
001 bg
100 1 _aMINORSKI, W. P.
245 0 _aZbiór zadań z matematyki wyższej /
_cW.P. Minorski.
250 _aWyd.7.
260 _aWarszawa,
_c1973.
040 _cBPK
041 _apol
942 _cKS
008 s pl f |000 0 pol
999 _c2782
_d2782
856 _uhttp://koha.tu.koszalin.pl/cgi-bin/koha/opac-detail.pl?biblionumber=2782
_yKatalog online BPK